| 000 | 00617nam a22001817a 4500 | ||
|---|---|---|---|
| 999 |
_c15184 _d15184 |
||
| 003 | AR-CdUCM | ||
| 008 | 190426b ||||| |||| 00| 0 spa d | ||
| 040 |
_aMUNICIPALIDAD PROVINCIAL DEL CUSCO _cBIBLIOTECA MUNICIPAL DEL CUSCO |
||
| 082 |
_aC / 498.51 / _bR77 |
||
| 100 |
_aRojas, Ricardo _912413 |
||
| 245 | _aHimnos Quichuas / | ||
| 260 |
_aBuenos Aires : _bLa universidad, _c1937. |
||
| 300 |
_a362 al 439 páginas ; _c23 cm. |
||
| 505 | _aTextos de Molina -- Los mismos textos -- Textos de sacamayhua -- Tres himnos de Salcamayhua... | ||
| 650 |
_aHimnos quechua. _934216 |
||
| 942 |
_2ddc _cLIBROS |
||
| 945 | _awfj | ||